000
00261nam a2200085Ia 4500
245
0
_a
Steve Jobs : the brilliant mind behind Apple
100
_a
Imbimbo, Anthony Pleasantville, NY, 2009
_9
100641
942
_c
BK
008
210818s9999 xx 000 0 und d
999
_c
432505
_d
432504